| 000 | 00564nam a2200169 i 4500 | ||
|---|---|---|---|
| 001 | 62310 | ||
| 003 | ES-MaACL | ||
| 005 | 20230906164638.0 | ||
| 007 | t| | ||
| 008 | 031119s1917 sp ||||1| spa d | ||
| 100 | 1 |
_aFernández, Joaquín Julio. _949382 |
|
| 245 | 1 | 3 |
_aEl clericalismo jesuítico de Alemania _b: folleto de actualidad / _cpor Joaquín Julio Fernández ; prólogo y epílogo de Manuel Ramírez Díaz. |
| 260 |
_aSevilla : _b[s.n.], _c1917. |
||
| 300 |
_a32 p. ; _c15 cm. |
||
| 700 | 1 |
_aRamírez Díaz, Manuel. _9141630 |
|
| 852 |
_aES-MaACL _j1489-F-3 |
||
| 999 |
_c62310 _d62310 |
||